Regiões da França - Statistics

Estatísticas Gerais
  • Esse quiz foi jogado 2 178 vezes
  • A pontuação média é 9 de 18
Respostas no mapa
Respostas codificadas por cores de uma escala verde-vermelha no mapa do quiz de acordo com a % correta abaixo.
 
Estatísticas das Respostas
Região % Correto
Normandia
75%
Bretanha
70%
Guiana Francesa
66%
Córsega
59%
Ilha de França
59%
Provença-Alpes-Costa Azul
55%
Occitânia
48%
Nova Aquitânia
47%
País do Loire
46%
Borgonha-Franco-Condado
44%
Guadalupe
43%
Reunião
43%
Centro-Vale do Loire
42%
Grande Leste
42%
Martinica
42%
Altos da França
41%
Mayotte
38%
Auvérnia-Ródano-Alpes
33%
Nenhum quiz correspondente encontrado
Distribuição das Pontuações
Porcentagem de Pessoas com Cada Pontuação
Percentil de Números Respondidos
Sua Pontuação Histórica
Você não jogou esse quiz